[Event "BCF-ch Seniors 65"]
[Site "Coventry"]
[Date "2015.07.27"]
[Round "1"]
[White "Summers, Alastair G"]
[Black "Calvert, John C"]
[Result "1-0"]
[WhiteElo "1960"]
[BlackElo "1529"]
[PlyCount "43"]
[EventDate "2015.07.27"]
[EventType "swiss"]
[EventRounds "6"]
[EventCountry "ENG"]
[SourceTitle "CBM 167 Extra"]
[Source "ChessBase"]
[SourceDate "2015.09.14"]
[SourceVersion "1"]
[SourceVersionDate "2015.09.14"]
[SourceQuality "1"]

1. d4 Nf6 2. Nf3 d5 3. Bg5 e6 4. e3 Be7 5. Nbd2 Nc6 6. c3 Bd7 7. Bd3 0-0 8. Qc2 g6 9. 0-0-0 Re8 10. h4 Bf8 11. h5 e5 12. Nxe5 Nxe5 13. dxe5 Rxe5 14. Nf3 Re8 15. hxg6 fxg6 16. Rh4 Bg7 17. Rdh1 Kf7 18. Rxh7 Bf5 19. Bxf5 gxf5 20. Qxf5 Rh8 21. Ne5+ Kg8 22. Qe6+ 1-0